000
00265nam a22001217a 4500
008
180214b xxu||||| |||| 00| 0 eng d
041
_a
eng
080
_a
316
100
_a
52
101
_a
SOC
245
_a
Sociological methodology
_c
Blackwell,B
942
_2
udc
_c
BK
999
_c
42479
_d
42479